Maple V : mathematics and its application : proceedings of the Maple Summer Workshop and Symposium, Rensselaer Polytechnic Institute, Troy, New York, August 9-13, 1994
Saved in:
| Corporate Author: | |
|---|---|
| Other Authors: | |
| Format: | Conference Proceeding Book |
| Language: | English |
| Published: |
Boston :
Birkhauser,
c1994.
|
| Subjects: | |
| Tags: |
Add Tag
No Tags, Be the first to tag this record!
|
MARC
| LEADER | 00000cam a2200000 i 4500 | ||
|---|---|---|---|
| 001 | 1/48309 | ||
| 008 | 950727s1994 mau| ||| |||| ||eng|| | ||
| 020 | |a 0817637915 | ||
| 035 | |1 ΕΛΗ |a 1995 |c Κεχαγιάς |l 10043301 | ||
| 040 | |a GR-MyUa |b gre |e AACR2 | ||
| 041 | 0 | |a eng | |
| 082 | 7 | |a 510.28553 |2 (22) | |
| 111 | 2 | |a Maple Summer Workshop and Symposium |d (1994 : |c Troy, New York) | |
| 245 | 1 | 0 | |a Maple V : |b mathematics and its application : proceedings of the Maple Summer Workshop and Symposium, Rensselaer Polytechnic Institute, Troy, New York, August 9-13, 1994 / |c Robert J. Lopez, editor. |
| 260 | |a Boston : |b Birkhauser, |c c1994. | ||
| 300 | |a 234 σ. ; |c 28 εκ. | ||
| 500 | |a Περιλαμβάνει βιβλιογραφικές παραπομπές. | ||
| 630 | 0 | 0 | |a Maple (Computer file) |x Congresss. |
| 650 | 0 | |a Mathematics |x Data processing |x Congresses. | |
| 700 | 1 | |a Lopez, Robert J., |d 1941- |e edt | |
| 852 | |a INST |b SAMOS |e 19950727 |h 510.28553 MAP |p 005300009856 |q 005300009856 |t BK |y 0 | ||